[Event "Creon op 13th"]
[Site "Creon"]
[Date "2008.07.29"]
[Round "2"]
[White "Guliev, Logman"]
[Black "Gabard, Alexandre"]
[Result "1-0"]
[WhiteElo "2436"]
[BlackElo "2063"]
[PlyCount "67"]
[EventDate "2008.07.28"]
[EventType "swiss"]
[EventRounds "9"]
[EventCountry "FRA"]
[SourceTitle "CBM 125 Extra"]
[Source "ChessBase"]
[SourceDate "2008.09.01"]
[SourceVersion "1"]
[SourceVersionDate "2008.09.01"]
[SourceQuality "1"]

1. e4 e6 2. d4 d5 3. Nc3 Nf6 4. Bg5 Be7 5. e5 Nfd7 6. Bxe7 Qxe7 7. f4 0-0 8. Nf3 c5 9. Qd2 Nc6 10. 0-0-0 a6 11. dxc5 Nxc5 12. Bd3 b5 13. Kb1 b4 14. Ne2 a5 15. Qe3 Nxd3 16. cxd3 Ba6 17. Rc1 Qb7 18. Ned4 Ne7 19. g4 Rfc8 20. f5 Qd7 21. f6 Ng6 22. h4 Qe8 23. h5 Nh8 24. fxg7 Kxg7 25. Nh4 Rxc1+ 26. Rxc1 Rc8 27. Qg5+ Kf8 28. Rd1 Qe7 29. Qh6+ Kg8 30. Nhf5 Bxd3+ 31. Rxd3 exf5 32. Nxf5 Qf8 33. Qg5+ Ng6 34. hxg6 1-0

[Event "FRA-ch U16"]
[Site "Le Grand Bornand"]
[Date "2007.04.11"]
[Round "5"]
[White "Magnin, Guillaume"]
[Black "Gabard, Alexandre"]
[Result "0-1"]
[WhiteElo "1919"]
[BlackElo "2041"]
[PlyCount "106"]
[EventDate "2007.04.07"]
[EventType "swiss"]
[EventRounds "9"]
[EventCountry "FRA"]
[SourceTitle "CBM 118 Extra"]
[Source "ChessBase"]
[SourceDate "2007.07.04"]
[SourceVersion "1"]
[SourceVersionDate "2007.07.04"]
[SourceQuality "1"]

1. e4 e6 2. d4 d5 3. Be3 Nf6 4. e5 Nfd7 5. f4 c5 6. c3 Nc6 7. Nf3 Qb6 8. Qd2 cxd4 9. cxd4 Be7 10. Nc3 a6 11. Bd3 Nb4 12. Bb1 Qd8 13. 0-0 Nb6 14. b3 Bd7 15. g4 g6 16. Ne1 h6 17. f5 gxf5 18. gxf5 Bg5 19. f6 Bxe3+ 20. Qxe3 Qc7 21. a3 Nc6 22. Nd3 0-0-0 23. Kh1 Rdg8 24. Nc5 Rg4 25. Ne2 Rhg8 26. Bh7 R8g5 27. Nd3 Qd8 28. Rg1 Rxg1+ 29. Rxg1 Qh8 30. Rxg5 hxg5 31. Qh3 Qf8 32. Qh5 Qxa3 33. Qxf7 Nd8 34. Qe7 Qxe7 35. fxe7 Nc6 36. e8Q+ Bxe8 37. Bg8 Bd7 38. Nc5 Na5 39. b4 Nc6 40. b5 axb5 41. Bxe6 Bxe6 42. Nxe6 b4 43. Nxg5 b3 44. Nf3 Nc4 45. Nc3 b2 46. Nb1 b5 47. h4 Kd8 48. h5 Ke8 49. Kg2 b4 50. e6 Na3 51. Nfd2 Nxd4 52. h6 Nxe6 53. h7 Nf4+ 0-1

[Event "FRA-ch U16"]
[Site "Le Grand Bornand"]
[Date "2007.04.09"]
[Round "2"]
[White "Chretien, Antonin"]
[Black "Gabard, Alexandre"]
[Result "0-1"]
[WhiteElo "1932"]
[BlackElo "2041"]
[PlyCount "74"]
[EventDate "2007.04.07"]
[EventType "swiss"]
[EventRounds "9"]
[EventCountry "FRA"]
[SourceTitle "CBM 118 Extra"]
[Source "ChessBase"]
[SourceDate "2007.07.04"]
[SourceVersion "1"]
[SourceVersionDate "2007.07.04"]
[SourceQuality "1"]

1. d4 e6 2. Nf3 d5 3. c4 Nf6 4. Nc3 c5 5. cxd5 Nxd5 6. e4 Nxc3 7. bxc3 cxd4 8. cxd4 Nc6 9. Bb5 Qa5+ 10. Bd2 Qxb5 11. Rb1 Qd3 12. Rb3 Qxe4+ 13. Re3 Qd5 14. 0-0 Be7 15. Qb1 b6 16. Rfe1 Bb7 17. Bc3 Bf6 18. Re4 0-0 19. h4 Qf5 20. Qd1 h5 21. Ng5 Bxg5 22. hxg5 Ne7 23. Re5 Qg4 24. f3 Qf4 25. Bb4 Ng6 26. Bxf8 Nxe5 27. dxe5 Rxf8 28. Qd7 Qg3 29. Rf1 Ba6 30. Rd1 Be2 31. Rd2 Bxf3 32. Rf2 Bd5 33. Qxa7 h4 34. g6 fxg6 35. Rxf8+ Kxf8 36. Qb8+ Kf7 37. Qc7+ Kg8 0-1

[Event "Mont de Marsan op 6th"]
[Site "Mont de Marsan"]
[Date "2006.12.29"]
[Round "7"]
[White "Birebent, Guy"]
[Black "Gabard, Alexandre"]
[Result "0-1"]
[WhiteElo "1824"]
[BlackElo "2029"]
[PlyCount "101"]
[EventDate "2006.12.26"]
[EventType "swiss"]
[EventRounds "9"]
[EventCountry "FRA"]
[SourceTitle "CBM 116 Extra"]
[Source "ChessBase"]
[SourceDate "2007.03.07"]
[SourceVersion "1"]
[SourceVersionDate "2007.03.07"]
[SourceQuality "1"]

1. e4 e6 2. e5 d5 3. d4 c5 4. c3 Nc6 5. Nf3 Qb6 6. a3 c4 7. Be2 f6 8. 0-0 fxe5 9. dxe5 Bc5 10. Qc2 Nge7 11. Bf4 0-0 12. Bg3 Nf5 13. Nbd2 Nxg3 14. hxg3 Qc7 15. b4 Bb6 16. Rae1 Nxe5 17. Nd4 Nc6 18. N2f3 Nxd4 19. cxd4 Bd7 20. Ng5 Rf5 21. Nf3 Raf8 22. Qc3 g5 23. Bd1 h6 24. Bc2 R5f7 25. Bg6 Rg7 26. Ne5 Be8 27. Bb1 Qe7 28. Ng4 Bg6 29. Nxh6+ Kh7 30. Ng4 Bxb1 31. Rxb1 Bc7 32. Rbe1 Qf7 33. Qe3 Bb6 34. Re2 Qh5 35. Qxe6 Bxd4 36. Nh2 g4 37. Rd2 Kh8 38. Rxd4 Rh7 39. f4 Qxh2+ 40. Kf2 Qh6 41. Qxd5 c3 42. Rc4 Qb6+ 43. Qc5 Qxc5+ 44. Rxc5 Rd8 45. Rxc3 Rd2+ 46. Kg1 Re7 47. Rc8+ Kg7 48. Kh2 Kf6 49. Rh8 Ree2 50. Rg1 Rd3 51. a4 0-1

[Event "Creon op 11th"]
[Site "Creon"]
[Date "2006.08.04"]
[Round "7"]
[White "Gabard, Alexandre"]
[Black "Ivanova, Svetlana"]
[Result "1-0"]
[WhiteElo "2010"]
[BlackElo "2192"]
[PlyCount "143"]
[EventDate "2006.07.31"]
[EventType "swiss"]
[EventRounds "9"]
[EventCountry "FRA"]
[SourceTitle "CBM 113 Extra"]
[Source "ChessBase"]
[SourceDate "2006.09.14"]
[SourceVersion "1"]
[SourceVersionDate "2006.09.14"]
[SourceQuality "1"]

1. e4 c5 2. Nc3 Nc6 3. g3 g6 4. Bg2 Bg7 5. d3 e5 6. Nh3 Nge7 7. f4 d6 8. 0-0 0-0 9. f5 f6 10. g4 Nd4 11. Ne2 Nxe2+ 12. Qxe2 d5 13. Qf2 Qd6 14. Qh4 dxe4 15. Bxe4 gxf5 16. gxf5 Qd4+ 17. Kh1 Bxf5 18. Rxf5 Nxf5 19. Qh5 Ng3+ 20. hxg3 f5 21. Bxf5 Rf6 22. c3 Qd6 23. Qxh7+ Kf8 24. Bg5 Rf7 25. Bg6 Rf3 26. Kg2 e4 27. Nf4 Qe5 28. Bxe4 Rxg3+ 29. Kxg3 Qxg5+ 30. Kf3 Re8 31. Qf5+ Qxf5 32. Bxf5 Bh6 33. Be4 b6 34. Rh1 Kg7 35. Rg1+ Kf8 36. Rg6 Bxf4 37. Kxf4 Re7 38. Kf5 c4 39. Bd5 Re2 40. Bxc4 Rxb2 41. Rg8+ Ke7 42. Rg7+ Kd6 43. Rxa7 b5 44. Bb3 Re2 45. Ra6+ Kc7 46. Re6 Rd2 47. Ke4 Rh2 48. Kd4 Rh4+ 49. Re4 Rh3 50. a4 bxa4 51. Bxa4 Kd6 52. c4 Rh5 53. c5+ Kc7 54. Re5 Rh4+ 55. Re4 Rh5 56. Re7+ Kd8 57. Rd7+ Kc8 58. Bc6 Rh4+ 59. Kc3 Rh6 60. Rd6 Rh5 61. Kc4 Kc7 62. Bb5 Kb7 63. Rd7+ Kb8 64. c6 Rh4+ 65. d4 Rh6 66. d5 Rg6 67. d6 Ka8 68. c7 Kb7 69. Bc6+ Kb6 70. c8Q Rg4+ 71. Be4 Rxe4+ 72. Kd5 1-0

[Event "Creon op 11th"]
[Site "Creon"]
[Date "2006.08.03"]
[Round "5"]
[White "Gabard, Alexandre"]
[Black "Fomichenko, Eduard"]
[Result "0-1"]
[WhiteElo "2010"]
[BlackElo "2385"]
[PlyCount "128"]
[EventDate "2006.07.31"]
[EventType "swiss"]
[EventRounds "9"]
[EventCountry "FRA"]
[SourceTitle "CBM 113 Extra"]
[Source "ChessBase"]
[SourceDate "2006.09.14"]
[SourceVersion "1"]
[SourceVersionDate "2006.09.14"]
[SourceQuality "1"]

1. e4 c5 2. Nc3 Nc6 3. g3 g6 4. Bg2 Bg7 5. d3 d6 6. f4 e6 7. Nf3 Nge7 8. 0-0 0-0 9. Bd2 Rb8 10. Rb1 b6 11. a3 Bb7 12. Nh4 Nd4 13. Ne2 f5 14. c3 Ndc6 15. Nf3 h6 16. Be3 Kh7 17. h3 Qd7 18. g4 Rbe8 19. g5 h5 20. Ng3 Rd8 21. Nh4 Rh8 22. Bf2 Rdf8 23. exf5 exf5 24. Re1 Nd8 25. Qe2 Re8 26. Bxb7 Nxb7 27. Qe6 Qxe6 28. Rxe6 Nd5 29. Rxe8 Rxe8 30. Ng2 Kg8 31. Re1 Rxe1+ 32. Bxe1 Nc7 33. Kf2 Ne6 34. Bd2 Na5 35. Ke2 Nc6 36. Nf1 d5 37. Nh2 b5 38. Nf3 Kf7 39. Nge1 a6 40. Nc2 Ke7 41. Kd1 d4 42. cxd4 Bxd4 43. Nfxd4 Ncxd4 44. Nxd4 Nxd4 45. Be3 Ne6 46. Kc2 Kd6 47. Kc3 Nc7 48. Kc2 Kd5 49. Kc3 a5 50. Kc2 a4 51. b3 Na6 52. bxa4 bxa4 53. Kc3 Nc7 54. Kc2 Nb5 55. Kb2 c4 56. dxc4+ Kxc4 57. Kc2 Nxa3+ 58. Kb2 Nb5 59. Kc2 Nd4+ 60. Kd1 a3 61. Bc1 a2 62. Bb2 Kd3 63. Ke1 a1Q+ 64. Bxa1 Nc2+ 0-1

[Event "Creon op 11th"]
[Site "Creon"]
[Date "2006.08.03"]
[Round "6"]
[White "Morley, Stephen"]
[Black "Gabard, Alexandre"]
[Result "0-1"]
[WhiteElo "1870"]
[BlackElo "2010"]
[PlyCount "42"]
[EventDate "2006.07.31"]
[EventType "swiss"]
[EventRounds "9"]
[EventCountry "FRA"]
[SourceTitle "CBM 113 Extra"]
[Source "ChessBase"]
[SourceDate "2006.09.14"]
[SourceVersion "1"]
[SourceVersionDate "2006.09.14"]
[SourceQuality "1"]

1. e4 e6 2. d4 d5 3. e5 c5 4. c3 Nc6 5. Nf3 Qb6 6. a3 cxd4 7. cxd4 Bd7 8. b4 Rc8 9. Be3 a5 10. b5 Na7 11. a4 Bb4+ 12. Nbd2 Ne7 13. Rc1 0-0 14. Bd3 Rxc1 15. Qxc1 Rc8 16. Qd1 Rc3 17. Bb1 Nxb5 18. axb5 Bxb5 19. Ng5 Qc7 20. Bxh7+ Kf8 21. Nc4 Rxe3+ 0-1

[Event "Mont de Marsan op"]
[Site "Mont de Marsan"]
[Date "2005.12.27"]
[Round "4"]
[White "Fayette, Sylvain"]
[Black "Gabard, Alexandre"]
[Result "1-0"]
[WhiteElo "2015"]
[BlackElo "1810"]
[PlyCount "75"]
[EventDate "2005.12.26"]
[EventType "swiss"]
[EventRounds "7"]
[EventCountry "FRA"]
[SourceTitle "CBM 110 Extra"]
[Source "ChessBase"]
[SourceDate "2006.03.10"]
[SourceVersion "2"]
[SourceVersionDate "2006.03.10"]
[SourceQuality "1"]

1. e4 e6 2. d4 d5 3. Nd2 Nf6 4. e5 Nfd7 5. Bd3 c5 6. c3 Nc6 7. Ne2 Qb6 8. Nf3 cxd4 9. cxd4 Bb4+ 10. Bd2 Bxd2+ 11. Qxd2 Qb4 12. Rc1 Qxd2+ 13. Kxd2 a6 14. Rc3 0-0 15. Nf4 Nb6 16. b3 Bd7 17. h4 Rfc8 18. h5 Nb4 19. Rxc8+ Rxc8 20. Bb1 a5 21. g4 a4 22. g5 Nc6 23. g6 fxg6 24. hxg6 h6 25. Nh5 axb3 26. axb3 Ne7 27. Nf6+ Kf8 28. Ng5 gxf6 29. Nh7+ Kg8 30. exf6 Nxg6 31. Bxg6 Be8 32. Bd3 Nd7 33. Rxh6 Kf7 34. Ng5+ Kg8 35. Bh7+ Kf8 36. Nxe6+ Kf7 37. Ng5+ Kf8 38. Bf5 1-0